小田急小田原線 駅埋め - Statistics

General Stats
  • This quiz has been taken 28 times
  • The average score is 29 of 47
Answer Stats
Hint Answer % Correct
海老名市 厚木
100%
伊勢原市 伊勢原
100%
新宿区 新宿
91%
町田市 町田
91%
相模原市 相模大野
91%
座間市 座間
91%
海老名市 海老名
91%
厚木市 本厚木
91%
秦野市 秦野
91%
小田原市 小田原
91%
狛江市 狛江
82%
開成町 開成
82%
渋谷区 南新宿
73%
渋谷区 代々木上原
73%
世田谷区 下北沢
73%
世田谷区 成城学園前
73%
川崎市 登戸
73%
川崎市 新百合ヶ丘
73%
松田町 新松田
73%
渋谷区 代々木八幡
64%
世田谷区 経堂
64%
川崎市 百合ヶ丘
64%
町田市 鶴川
64%
相模原市 小田急相模原
64%
世田谷区 世田谷代田
55%
世田谷区 梅ヶ丘
55%
世田谷区 豪徳寺
55%
世田谷区 千歳船橋
55%
世田谷区 東北沢
45%
世田谷区 祖師ヶ谷大蔵
45%
世田谷区 喜多見
45%
狛江市 和泉多摩川
45%
川崎市 向ヶ丘遊園
45%
川崎市 生田
45%
川崎市 読売ランド前
45%
川崎市 柿生
45%
町田市 玉川学園前
45%
座間市 相武台前
45%
厚木市 愛甲石田
45%
秦野市 鶴巻温泉
45%
渋谷区 参宮橋
36%
秦野市 東海大学前
36%
小田原市 富水
36%
小田原市 足柄
36%
秦野市 渋沢
27%
小田原市 栢山
27%
小田原市 蛍田
27%
No matching quizzes found
Score Distribution
Percent of People with Each Score
Percentile by Number Answered
Your Score History
You have not taken this quiz